000
00274nam a22001217a 4500
008
180215b xxu||||| |||| 00| 0 eng d
041
_a
eng
080
_a
91
100
_a
42
101
_a
GJEO
245
_a
National geography standards 1994
_c
Bednarz,S.W
942
_2
udc
_c
BK
999
_c
42624
_d
42624